00576nam a22002057a 4500001000500000005001700005020001800022040002900040050001400069082001200083100001700095245002900112250004600141260003400187300003700221505000700258520006700265521001900332521001900351234120241106154913.0 a9780545099943 aFISKHbengcFISKHdFISKH aTL147.C66 a629.046 aCooper, Wade aOn the roadcWade Cooper aThis edition first printing, January 2009 aNew York :bScholastic,c2008 a30 pages :billustrationsc23 cm aG  aSimple words introduce all sorts of vehicles to young readers. a360 bLexile  aG bRaz-Plus